| 000 | 01445nam a2200349 a 4500 | ||
|---|---|---|---|
| 001 | ebr10687779 | ||
| 003 | CaPaEBR | ||
| 006 | m u | ||
| 007 | cr cn||||||||| | ||
| 008 | 110128s2012 nyuad sb 001 0 eng d | ||
| 010 | _z 2010054286 | ||
| 020 | _z9781612096339 (hardcover) | ||
| 020 | _z9781622572212 (e-book) | ||
| 040 |
_aCaPaEBR _cCaPaEBR |
||
| 035 | _a(OCoLC)846942067 | ||
| 050 | 1 | 4 |
_aTK2960 _b.D94 2012eb |
| 082 | 0 | 4 |
_a621.31/244 _222 |
| 245 | 0 | 0 |
_aDye-sensitized solar cells and solar cell performance _h[electronic resource] / _cMichael R. Travino, editor. |
| 260 |
_aHauppauge, N.Y. : _bNova Science Publishers, _c2012. |
||
| 300 |
_axi, 276 p. : _bill. (some col.). |
||
| 490 | 1 | _aEnergy science, engineering and technology | |
| 490 | 1 | _aElectrical engineering developments | |
| 504 | _aIncludes bibliographical references and index. | ||
| 533 |
_aElectronic reproduction. _bPalo Alto, Calif. : _cebrary, _d2013. _nAvailable via World Wide Web. _nAccess may be limited to ebrary affiliated libraries. |
||
| 650 | 0 | _aDye-sensitized solar cells. | |
| 655 | 7 |
_aElectronic books. _2local |
|
| 700 | 1 | _aTravino, Michael R. | |
| 710 | 2 | _aebrary, Inc. | |
| 830 | 0 | _aEnergy science, engineering and technology series. | |
| 830 | 0 | _aElectrical engineering developments series. | |
| 856 | 4 | 0 |
_uhttp://site.ebrary.com/lib/rucke/Doc?id=10687779 _zAn electronic book accessible through the World Wide Web; click to view |
| 999 |
_c12042 _d12042 |
||